000 00582nam a2200193Ia 4500
005 20250923144648.0
008 008 250917s9999 xx 000 0 eng d
037 _aTextual
040 _aDSWL
_beng
_cDSWL
041 _aeng
_2eng
084 _aY135.251.N5, J6
_qDSWL
245 0 _aInterim General plan for Greater Delhi
_cby Ministry of Health, (Govt. of India )
260 _aIndia
_bMinistry of Health India - Govt. of
_c1956
300 _axiv,iii,154p.
365 _aINR
_b2
925 _g2
942 _cTEXL
_hY135.251.N5, J6
999 _c1441752
_d1441752